Real Madryt - nagła śmierć - Statystyki

Ogólne statystyki
  • Ten quiz został rozwiązany 282 razy
  • Średni wynik to 9 z 10
Answers on the Grid
Answers color-coded by a green-red scale on the quiz's grid according to % correct below.
15 lig mistrzów
Santiago Bernabeu
Madryt
Królewscy
Cristiano Ronaldo
Carlo Ancelotti
Wygranie laligi 36 razy
Luka Modrić
Alfredo Di Stéfano
Real Madryt
FC Barcelona
Thiago Motta
Nike
Leroy Sane
Ousmane Dembele
Berlin
Duma Kataloni
Lech Poznań
 
Statystyki odpowiedzi
Odpowiedź % Poprawnych
Królewscy
96%
Luka Modrić
96%
15 lig mistrzów
95%
Madryt
95%
Cristiano Ronaldo
94%
Real Madryt
93%
Santiago Bernabeu
92%
Carlo Ancelotti
91%
Wygranie laligi 36 razy
83%
Alfredo Di Stéfano
82%
Nie znaleziono quizów pasujących do podanych kryteriów
Rozkład punktacji
Procent ludzi z każdym wynikiem
Percentyl według liczby udzielonych odpowiedzi
Twoja historia wyników
Nie rozwiązałeś tego quizu